Normal view
MARC view
- Daniel, Jacques,
Entry Nombre Personal
001 - NUMERO DE CONTROL
- campo de control: 53072
003 - IDENTIFICADOR DE NUMERO DE CONTROL
- campo de control: VIAF
005 - FECHA Y HORA DE LA ÜLTIMA TRANSACCIÓN
- campo de control: 20240816122822.0
008 - DATOS DE LONGITUD FIJA
- campo de control de longitud fija: 240816|| acn||aabn | aaa d
035 ## - NUMERO DE CONTROL
- Número de control: 76394764
040 ## - FUENTE DE CATALOGACIÓN
- Agencia original de catalogación: MX-MxUPN
- Lenguaje de catalogación: spa
- Agencia de transcripción: MX-MxUPN
100 1# - ENCABEZAMIENTO - NOMBRE PERSONAL
- Nombre personal: Daniel, Jacques,
- Fechas asociadas con el nombre: 1794-1862
400 1# - VEÁSE - NOMBRE DE PERSONA
- Personal name: Daniel,
- Dates associated with a name: 1794-1862
670 ## - FUENTE EN LA QUE SE LOCALIZARON DATOS
- Cita de la fuente: VIAF, 16 agosto 2024 :
- Información localizada: (Daniel, Jacques, 1794-1862)
- Uniform Resource Identifier: http://viaf.org/viaf/76394764
670 ## - FUENTE EN LA QUE SE LOCALIZARON DATOS
- Cita de la fuente: Autoridades BNF, 16 agosto 2024 :
- Información localizada: (Daniel, Jacques (1794-1862))
902 ## - CATALOGADOR
- Catalogador: MaríaRobles/160824
